The Mystery of Capital : (Record no. 1087)

MARC details
000 -LEADER
fixed length control field 00550nam a22001697a 4500
005 - DATE AND TIME OF INPUT
control field 20231130103414.0
008 - DATA ELEMENTS--GENERAL INFORMATION
fixed length control field 231130b |||||||| |||| 00| 0 eng d
020 ## - INTERNATIONAL STANDARD BOOK NUMBER
International Standard Book Number 0465016146
041 ## - LANGUAGE CODE
Language code of text English
082 ## - SHELF NUMBER
DDC number 330.12 DES
100 ## - MAIN AUTHOR
Main author's name De Soto, H
Language of a work English
245 ## - TITLE STATEMENT
Title The Mystery of Capital :
Sub-title Why Capitalism Triumphs in the West and Fails Everywhere Else /
Statement of responsibility, etc. H De Soto
260 ## - PUBLICATION, DISTRIBUTION, ETC.
Place of publication, distribution, etc. New York :
Name of publisher, distributor, etc. Basic Books,
Date of publication, distribution, etc. 2000
300 ## - PHYSICAL DESCRIPTION
Other physical details 276 pages ;
Dimensions 26 cm.
650 ## - SUBJECT`
Broad subject Legal practice
Own subject terms Law
942 ## - ADDED ENTRY ELEMENTS (KOHA)
Item type Books
942 ## - ADDED ENTRY ELEMENTS (KOHA)
-- ALISON_BN_VRIES
Holdings
Source of classification or shelving scheme Not for loan Collection code Home library Current library Shelving location Date acquired Full call number Barcode Price effective from Koha item type
Dewey Decimal Classification   TEXT BOOKS LAW SOCIETY OF NAMIBIA LIBRARY - WINDHOEK LAW SOCIETY OF NAMIBIA LIBRARY - WINDHOEK General Shelf 11/30/2023 330.12 DES LSN/2001/39 11/30/2023 Books